Titres de films avec une ville. - Statistiques

Statistiques générales
  • Ce quiz a été pris 101 fois
    31 depuis la dernière actualisation
  • Le résultat moyen est 8 sur 15
Statistiques - réponses
Hint Réponse % Correct
"_____ sa mère!" Neuilly
97%
"Brice de _____" Nice
93%
"Les demoiselles de _____" Rochefort
90%
"_____ brûle t'il?" Paris
79%
"Les parapluies de _____" Cherbourg
76%
"The Grand _____ Hotel" Budapest
66%
"Les galette de ____-____" Pont-Aven
55%
"Les canons de _____" Navarone
45%
"Mort à _____" Venise
45%
"Un taxi pour _____" Tobrouk
38%
"_____ mon amour" Hiroshima
34%
"Les amants de _____" Vérone
24%
"Dédée d'______" Anvers
17%
"La dame de _____" Shanghai|Changhai
17%
"__-____,__-____" New-York
14%
Aucun quiz correspondant
Distribution des résultats
% des personnes avec chaque résultat
Percentile par nombre de réponses
Votre historique - résultats
Vous n’avez pas pris ce quiz depuis la dernière actualisation